Americas Ranked by Democracy Index - Statistics

General Stats
  • This quiz has been taken 87 times
  • The average score is 18 of 26
Answer Stats
Country Ranking Regime Type % Correct
Canada 9.24 Full Democracy
100%
Uruguay 8.61 Full Democracy
90%
Costa Rica 8.16 Full Democracy
86%
United States 7.92 Flawed Democracy
86%
Chile 8.28 Full Democracy
84%
Panama 7.18 Flawed Democracy
84%
Trinidad and Tobago 7.16 Flawed Democracy
72%
Venezuela 2.76 Authoritarian
72%
Argentina 6.95 Flawed Democracy
70%
Cuba 2.84 Authoritarian
70%
Dominican Republic 6.32 Flawed Democracy
68%
Jamaica 7.13 Flawed Democracy
68%
Brazil 6.92 Flawed Democracy
66%
Colombia 7.04 Flawed Democracy
66%
Haiti 4.22 Hybrid Regime
66%
Nicaragua 3.60 Authoritarian
66%
Suriname 6.82 Flawed Democracy
66%
Ecuador 6.13 Flawed Democracy
64%
El Salvador 5.90 Hybrid Regime
64%
Guyana 6.01 Flawed Democracy
64%
Paraguay 6.18 Flawed Democracy
64%
Bolivia 5.08 Hybrid Regime
62%
Guatemala 4.97 Hybrid Regime
62%
Peru 6.53 Flawed Democracy
62%
Honduras 5.36 Hybrid Regime
60%
Mexico 6.07 Flawed Democracy
60%
No matching quizzes found
Score Distribution
Percent of People with Each Score
Percentile by Number Answered
Your Score History
You have not taken this quiz